000
00284nam a2200109Ia 4500
001
587416
005
20250717113816.0
008
250717s9999 xx 000 0 und d
245
0
_a
X-4 AMAN DİKKAT 7
_c
AHMET BİLAL YAPRAKDAL
260
_b
UĞUR BÖCEĞİ YAYINLARI
_c
2018
300
_b
32
999
_c
587416
_d
587416